Egypt & Nubia / (Record no. 27196)

MARC details
000 -LEADER
fixed length control field 04252nam a2200577 i 4500
003 - CONTROL NUMBER IDENTIFIER
control field EG-ScBUE
005 - DATE AND TIME OF LATEST TRANSACTION
control field 20230813094658.0
008 - FIXED-LENGTH DATA ELEMENTS--GENERAL INFORMATION
fixed length control field 841004s2006 ua co f b 000 0aeng d
020 ## - INTERNATIONAL STANDARD BOOK NUMBER
International Standard Book Number 9774245954 (set)
040 ## - CATALOGING SOURCE
Original cataloging agency DLC
Language of cataloging eng
Description conventions rda
Transcribing agency DLC
Modifying agency DLC
-- EG-ScBUE
043 ## - GEOGRAPHIC AREA CODE
Geographic area code f-ua---
-- aw-----
082 04 - DEWEY DECIMAL CLASSIFICATION NUMBER
Classification number 916.2043
Item number ROB
Edition number 22
100 1# - MAIN ENTRY--PERSONAL NAME
Personal name Roberts, David,
Dates associated with a name 1796-1864,
Relator term author.
245 14 - TITLE STATEMENT
Title Egypt & Nubia /
Statement of responsibility, etc from drawings made on the spot by David Roberts ; with historical descriptions by the Rev. George Croly, William Brockedon F. R. S. ; lithographed by Louis Haghe ; text Fabio Bourbon ; translation C. T. M. Milan ; graphic design Anna Galliani.
246 3# - VARYING FORM OF TITLE
Title proper/short title Egypt and Nubia
246 33 - VARYING FORM OF TITLE
Title proper/short title Holy Land :
Remainder of title Syria, Idumea, Arabia, Egypt and Nubia
250 ## - EDITION STATEMENT
Edition statement Second printing.
250 ## - EDITION STATEMENT
Edition statement Limited collector's edition.
264 #1 - PUBLICATION, DISTRIBUTION, ETC. (IMPRINT)
Place of publication, distribution, etc Cairo :
Name of publisher, distributor, etc The American University in Cairo Press,
Date of publication, distribution, etc 2006.
300 ## - PHYSICAL DESCRIPTION
Extent 3 volumes :
Other physical details illustrations (some color), portraits ;
Dimensions 36 cm
500 ## - GENERAL NOTE
General note Two volume work issued in slipcase. Includes booklet "The life, works and travels of David Roberts R.A.", text by Fabio Bourbon.
500 ## - GENERAL NOTE
General note Companion volume to: The Holy Land.
504 ## - BIBLIOGRAPHY, ETC. NOTE
Bibliography, etc Includes bibliographical references.
505 0# - FORMATTED CONTENTS NOTE
Formatted contents note v.1.Egypt & Nubia : from drawings made on the spot by David Roberts / with historical descriptions by William Brockedon -- v.2. Holy land : from drawings made on the spot by David Roberts / with historical descriptions by the Revd. George Croly -- v.3.Life, works, and travels of David Roberts R.A. / Fabio Bourbon.
520 ## - SUMMARY, ETC.
Summary, etc An exquisite Hardcover (with hard jacket) collection for fine art lovers and David Roberts connoisseurs. The genius and sensitivity of the justly celebrated nineteenth-century Scottish artist David Roberts are fully revealed in this outstanding special three-volume collector's edition that reproduces in unprecedented print quality all 247 of Roberts' published drawings of Egypt and the Holy Land. In 1838 and 1839, Roberts spent eleven months traveling and sketching throughout Egypt from Alexandria to Abu Simbel and through Sinai to Petra, Jerusalem, Palestine, and Lebanon. The 247 lithographs that Belgian engraver Louis Haghe then produced at the rate of one a month from the drawings executed during Roberts' extraordinary trip were published in six volumes by Francis Graham Moon, as The Holy Land, Syria, Idumea, Arabia, Egypt and Nubia (1842-46) and Egypt and Nubia (1846-49). This monumental work assured the artist of a fame that has lasted until the modern day. Once again in this limited collector's edition, the wonders that Roberts saw on his trip and the style of life in the Middle East in the middle of the nineteenth century are brought vividly to life by the pictures and the original accompanying texts by the Reverend George Croly and William Brockedon. All admirers of David Roberts will want to own this unique and exquisitely produced edition
600 17 - SUBJECT ADDED ENTRY--PERSONAL NAME
Personal name Roberts, David,
Dates associated with a name 1796-1864
General subdivision Travel
Geographic subdivision Egypt.
Source of heading or term BUEsh
600 17 - SUBJECT ADDED ENTRY--PERSONAL NAME
Personal name Roberts, David,
Dates associated with a name 1796-1864
General subdivision Travel
Geographic subdivision Middle East.
Source of heading or term BUEsh
650 #7 - SUBJECT ADDED ENTRY--TOPICAL TERM
Topical term or geographic name as entry element Painters
General subdivision Travel
Geographic subdivision Great Britain
-- Egypt.
Source of heading or term BUEsh
650 #7 - SUBJECT ADDED ENTRY--TOPICAL TERM
Topical term or geographic name as entry element Jews
General subdivision History.
Source of heading or term BUEsh
650 #7 - SUBJECT ADDED ENTRY--TOPICAL TERM
Topical term or geographic name as entry element Church buildings
Geographic subdivision Middle East.
Source of heading or term BUEsh
651 #7 - SUBJECT ADDED ENTRY--GEOGRAPHIC NAME
Geographic name Egypt
General subdivision Description and travel.
Source of heading or term BUEsh
651 #7 - SUBJECT ADDED ENTRY--GEOGRAPHIC NAME
Geographic name Nubia
General subdivision Description and travel.
Source of heading or term BUEsh
651 #7 - SUBJECT ADDED ENTRY--GEOGRAPHIC NAME
Geographic name Egypt
Form subdivision Pictorial works.
Source of heading or term BUEsh
651 #7 - SUBJECT ADDED ENTRY--GEOGRAPHIC NAME
Geographic name Nubia
Form subdivision Pictorial works.
Source of heading or term BUEsh
651 #7 - SUBJECT ADDED ENTRY--GEOGRAPHIC NAME
Geographic name Palestine
General subdivision Description and travel.
Source of heading or term BUEsh
651 #7 - SUBJECT ADDED ENTRY--GEOGRAPHIC NAME
Geographic name Jerusalem
General subdivision Description and travel
Source of heading or term BUEsh
651 #7 - SUBJECT ADDED ENTRY--GEOGRAPHIC NAME
Geographic name Syria
General subdivision Description and travel
Source of heading or term BUEsh
651 #7 - SUBJECT ADDED ENTRY--GEOGRAPHIC NAME
Geographic name Jordan
General subdivision Description and travel
Source of heading or term BUEsh
651 #7 - SUBJECT ADDED ENTRY--GEOGRAPHIC NAME
Geographic name Lebanon
General subdivision Description and travel.
Source of heading or term BUEsh
651 #7 - SUBJECT ADDED ENTRY--GEOGRAPHIC NAME
Geographic name Sinai (Egypt)
General subdivision Description and travel.
Source of heading or term BUEsh
651 #7 - SUBJECT ADDED ENTRY--GEOGRAPHIC NAME
Geographic name Middle East
General subdivision In art.
Source of heading or term BUEsh
653 ## - INDEX TERM--UNCONTROLLED
Resource For college Generalities
-- Communication and mass media
Arrived date list February2019
655 ## - INDEX TERM--GENRE/FORM
Form subdivision Reading book
700 1# - ADDED ENTRY--PERSONAL NAME
Personal name Croly, George,
Dates associated with a name 1780-1860.
Title of a work Holy Land, Syria, Idumea, Arabia, Egypt & Nubia.
700 1# - ADDED ENTRY--PERSONAL NAME
Personal name Brockedon, William,
Dates associated with a name 1787-1854.
Title of a work Egypt & Nubia‏.
700 1# - ADDED ENTRY--PERSONAL NAME
Personal name Haghe, Louis,
Relator term lithographer.
700 1# - ADDED ENTRY--PERSONAL NAME
Personal name Bourbon, Fabio,
Relator term contributor.
700 1# - ADDED ENTRY--PERSONAL NAME
Personal name Milan, C. T. M.,
Relator term translator.
700 1# - ADDED ENTRY--PERSONAL NAME
Personal name Galliani, Anna,
Relator term designer.
942 ## - ADDED ENTRY ELEMENTS (KOHA)
Source of classification or shelving scheme Dewey Decimal Classification
Koha item type Book - Borrowing
Holdings
Withdrawn status Lost status Source of classification or shelving scheme Damaged status Not for loan Collection code Home library Current library Shelving location Date acquired Source of acquisition Total Checkouts Full call number Barcode Date last seen Koha item type Public note Cost, normal purchase price Serial Enumeration / chronology Cost, replacement price Price effective from
    Dewey Decimal Classification     Alahram Central Library Central Library Second Floor 04/03/2007 Purchase   916.2043 ROB 000001531 15/07/2025 Reference (NB) VOL. 2.        
    Dewey Decimal Classification     Alahram Central Library Central Library Second Floor 04/03/2007 Purchase   916.2043 ROB 000001530 15/07/2025 Reference (NB) VOL. 1.        
    Dewey Decimal Classification     Alahram Central Library Central Library Second Floor 04/03/2007 Purchase   916.2043 ROB 000001529 15/07/2025 Reference (NB) VOL. 3.        
    Dewey Decimal Classification     AUC Central Library Central Library Second Floor 26/02/2019 Purchase   916.2043 ROB 000044310 15/07/2025 Reference (NB) VOL. 1. 2400.00 16583 3000.00 26/02/2019
    Dewey Decimal Classification     AUC Central Library Central Library Second Floor 26/02/2019 Purchase   916.2043 ROB 000044311 15/07/2025 Reference (NB) VOL. 2. 2400.00 16583 3000.00 26/02/2019
    Dewey Decimal Classification     AUC Central Library Central Library Second Floor 26/02/2019 Purchase   916.2043 ROB 000044312 15/07/2025 Reference (NB) VOL. 3. 2400.00 16583 3000.00 26/02/2019